| 000 | 00929nas a2200289 4500 | ||
|---|---|---|---|
| 001 | BR0700291 | ||
| 003 | BR-BrBNA | ||
| 005 | 20231205110511.0 | ||
| 007 | ta | ||
| 008 | 230509b bl.|||p| |||| 00| 00por d | ||
| 040 |
_aBR-BrBNA _bpor _cBiblioteca Nacional de Agricultura |
||
| 041 | _a(Pt) | ||
| 072 | _aF30; F08 | ||
| 100 | 1 | _aCorrêa, M.L.P. | |
| 100 | 1 | _aTávora, F.J.A.F. | |
| 100 | 1 | _aPitombeira, J.B. | |
| 245 | 1 | _aComportamento de cultivares de mamona em sistema de cultivo isolados e consorciados com caupi e sorgo granífero | |
| 650 | _aMAMONA | ||
| 650 | _aFEIJÃO DE CORDA | ||
| 650 | _aSORGO GRANÍFERO | ||
| 650 | _aSISTEMA DE CULTIVO | ||
| 650 | _aCONSORCIAÇÃO DE CULTURA | ||
| 650 | _aCOMPORTAMENTO DE VARIEDADE | ||
| 773 | 0 |
_tRevista Ciência Agronômica (Brazil) _xISSN 0045-6888 _g(2006), v. 37(2) p. 200-207 _wBR0700291 |
|
| 909 |
_a202311 _bLúcia _c55 _dLúcia Elande |
||
| 942 |
_2AGRIS _n0 _cANA |
||
| 999 |
_c187639 _d187639 |
||